000 00372nam a22001457a 4500
020 _a0 905064 03 8
082 _a917.98045GAR
100 _aGardey Jon
245 _aAlaska: The sophisticated wilderness
260 _aLondon
_bWilton house gentry
_c1976
300 _a224p.
_bill., 26cm
500 _ainclude index and bibliography
650 _aA wild love
942 _cBK
999 _c18607
_d18607